000 00866nam a2200241 a 4500
001 000045005
005 20201002045811.0
008 150128s2012 dr a 000 0 spa d
020 _a9789945404890
040 _aDO-SdBNP
_bspa
_cBNPHU
041 1 7 _aspa
_hjap
082 _axxxx
_bxxxx
100 1 _aPérez, Luis Reynaldo,
_d1980-
_973014
240 1 0 _aHaikus
_lEspañol
245 1 0 _aTemblor de lunas :
_bHaikus /
_cLuis Reynaldo Pérez ; traducción al japonés ; Mayumi Hidaka y Akiko Kameda ; ilustraciones Geo Ripley.
260 _aSanto Domingo :
_bEdiciones de Cultura,
_c2012.
300 _a107 p. :
_bil. ;
_c23 cm.
500 _aIncluye datos biográficos del autor en las solapas
500 _aI Concurso Nacional de Haikú
586 _aPremio Nacional de Haiku, 2011
700 1 _aHidaka, Mayumi,
_etr.
_973015
700 1 _aKameda, Akiko,
_etr.
_973016
999 _c44494
_d44494